00518nam a2200181Ia 4500003000900000008004100009020001800050040001600068080002200084245009800106260003000204300001400234650002400248650002300272650001100295650001200306700001800318IN-BaIIA211028s9999 xx 000 0 eng d a0-444-82309-3 cIIA Library a047.1:535bPRO-35 0aProgress in opticsbvol. 35cedited by E. Wolf  aAmsterdambElsevierc1996 axi, 482p. aAstronomical optics aOptical properties aOptics aPhysics aWolf, E., ed.